| 000 | 00697nam a22002537a 4500 | ||
|---|---|---|---|
| 003 | BCEG | ||
| 005 | 20260318151557.0 | ||
| 008 | 260318s2009 mx |||||||||||||||||spa|d | ||
| 020 | _a9786071101853 | ||
| 040 |
_aBCEG _bspa _cBCEG |
||
| 041 | _aspa | ||
| 082 | 0 | 4 |
_aI813.5 _bH966g |
| 100 | 1 | _aHurley, Tonya. | |
| 245 | 1 | 0 |
_aGhostgirl _b: ¿descanse en paz? |
| 260 |
_aMéxico : _bSantillana, _c2009. |
||
| 300 | _a339 p. | ||
| 534 |
_pTítulo original: _tGhostgirl. |
||
| 535 | _aDisponible en la colección infantil de 10-12 años. | ||
| 541 | _aDonación. | ||
| 546 | _aTexto en español. | ||
| 650 | 1 | 4 | _aNovela juvenil estadounidense. |
| 700 | 1 |
_aFrieyro, Alicia, _etr. |
|
| 942 | _cBK | ||
| 999 |
_c437112 _d437112 |
||